000 00443nam a22001697a 4500
005 20180209123022.0
008 160524b xxu||||| |||| 00| 0 eng d
020 _a978-81-203-1465-8
041 _aeng
082 _b4466
_a005.74
100 _aHansen, Garg W & Others
_91103
245 _aData Base Management and Design
260 _aNew Delhi
_bAcademic Faundation
300 _a541
650 _aInformation Technology
_9137
942 _cBK
999 _c1497
_d1497